[Event "Hastings7879"]
[Site "Hastings"]
[Date "1978.??.??"]
[Round "11"]
[White "Balshan, Amikam"]
[Black "Csom, Istvan"]
[Result "0-1"]
[WhiteElo "2415"]
[BlackElo "2510"]

1.e4 c5 2.Nf3 d6 3.Bb5+ Nc6 4.O-O Bd7 5.Re1 a6 6.Bf1 Bg4 7.h3 Bxf3 8.Qxf3 g6
9.c3 Bg7 10.Na3 Nf6 11.Nc2 Qb6 12.d3 O-O 13.g4 Rab8 14.Qg3 Nd7 15.Ne3 Qa7
16.a4 b6 17.g5 Qb7 18.f4 b5 19.h4 b4 20.Bd2 Na5 21.Nd5 Nb6 22.Nxb6 Qxb6 23.e5 Nb3
24.Rad1 Nxd2 25.Rxd2 bxc3 26.bxc3 Qa5 27.d4 cxd4 28.Rxd4 dxe5 29.fxe5 Rfc8
30.Bc4 e6 31.h5 Rc5 32.h6 Bxe5 33.Rxe5 Rxe5 34.Bb5 Qc7 35.Bxa6 f6 36.gxf6 Rb2
37.Bf1 Rg5 38.Rd8+ Qxd8 39.Qxg5 Qb6+ 40.Kh1 Qf2 41.Bg2 Kf7 42.a5 Qe1+ 43.Kh2 Qxc3
44.a6 Qc7+ 45.Kg1 Qb6+ 46.Kh2 Qxa6 47.Qc5 Qb7  0-1

[Event "Jakarta"]
[Site "Jakarta"]
[Date "1978.??.??"]
[Round "?"]
[White "O'Kelly de Galway, Alberic"]
[Black "Ardiansyah, Haji"]
[Result "0-1"]
[WhiteElo "2460"]
[BlackElo "2330"]

1.e4 c5 2.Nf3 d6 3.Bb5+ Nc6 4.O-O Nf6 5.e5 dxe5 6.Nxe5 Qc7 7.Bxc6+ bxc6 8.Qf3 Bb7
9.Re1 e6 10.Na3 Be7 11.d3 O-O 12.Qg3 Rfe8 13.Bg5 Ba6 14.Qf3 Rac8 15.Re2 Qb7
16.c4 Rf8 17.Rae1 h6 18.Bh4 Bd8 19.Nb1 Nh7 20.Bxd8 Rfxd8 21.Qe3 Nf8 22.Nc3 f6
23.Nf3 e5 24.Na4 Ne6 25.Rd2 Qb4 26.b3 Rd6 27.Red1 Rcd8 28.h3 Bc8 29.Ne1 Nd4
30.Nc2 Nxc2 31.Rxc2 Rd4 32.f3 Bf5 33.Rcd2 Bg6 34.Kf2 Bf7 35.Ke2 f5 36.Nb2 f4
37.Qf2 e4 38.Qh4 Bg6 39.Qg4 exd3+ 40.Kf2 Kh7 41.Qe6 Re8 42.Qxc6 Re2+ 43.Rxe2 dxe2
44.Re1 Qc3 45.Rxe2 Rd2  0-1

[Event "Jakarta"]
[Site "Jakarta"]
[Date "1978.??.??"]
[Round "?"]
[White "Mascarinas, Rico"]
[Black "Bachtiar, Arovah"]
[Result "1/2-1/2"]
[WhiteElo "2355"]
[BlackElo "2335"]

1.e4 c5 2.Nf3 d6 3.Bb5+ Nc6 4.O-O e5 5.c3 Bg4 6.d4 Bxf3 7.Qxf3 Qb6 8.Bc4 Nf6
9.dxc5 dxc5 10.Na3 Be7 11.Bd5 O-O 12.Nc4 Qc7 13.Re1 Bd6 14.Qg3 Ne7 15.Bxb7 Qxb7
16.Nxd6 Qd7 17.Nc4 Ng6 18.Bg5 Qe6 19.b3 Nh5 20.Qf3 Nhf4 21.Bxf4 Nxf4 22.g3 Nh3+
23.Kg2 g6 24.Qe3 f5 25.exf5 Qxf5 26.f3 Ng5 27.Nxe5 Qh3+ 28.Kh1 Qh5 29.f4 Rae8
30.Qe2 Qxe2 31.Rxe2 Nf3 32.Kg2 Nxe5 33.fxe5 Rf5 34.Rae1 Re6 35.Rd1 Rfxe5
36.Rd8+ Kg7 37.Rxe5 Rxe5 38.Rd7+ Kf6 39.Rxa7 Re2+ 40.Kf3 Rxh2 41.Rc7 Rxa2
42.Rxc5 h5 43.b4 Rb2 44.g4 h4 45.g5+ Kg7 46.Kg4 Rh2 47.b5 h3 48.b6 Rb2 49.Rc7+ Kf8
50.Kxh3 Rxb6 51.Kg4 Rb5 52.c4 Rf5 53.c5 Ke8 54.Kh4 Rd5 55.Rc6 Rd4+ 56.Kg3 Rd5
57.Kg4 Rd4+ 58.Kf3 Rd5 59.Kf4 Rf5+ 60.Kg4 Kf7 61.Rc8 Ke6 62.Rc7 Rd5 63.Rc6+ Kf7
64.Rf6+ Kg7 65.c6 Ra5 66.Re6 Kf7 67.Rd6 Rb5 68.Rf6+ Kg7 69.Kf4 Rc5 70.Rd6 Kf7
71.Ke4 Rxg5 72.Kd4 Rg1 73.Kc5 Ke7 74.Rd4 Rc1+ 75.Kb6 Ke6 76.c7 Rb1+ 77.Ka7 Rc1
78.Kb7 Rb1+ 79.Kc8 Rc1 80.Kd8 g5 81.c8=Q+ Rxc8+ 82.Kxc8 Kf5 83.Kd7 g4 84.Kd6 g3
85.Rd2 Ke4 86.Kc5 Kf3 87.Kd4 g2  1/2-1/2

[Event "Jakarta"]
[Site "Jakarta"]
[Date "1978.??.??"]
[Round "?"]
[White "Sampouw, Jacobus S"]
[Black "Ardiansyah, Haji"]
[Result "0-1"]
[WhiteElo "2315"]
[BlackElo "2330"]

1.e4 c5 2.Nf3 d6 3.Bb5+ Nc6 4.c3 Nf6 5.Qe2 Bg4 6.d4 cxd4 7.cxd4 Nd7 8.d5 Ncb8
9.Be3 g6 10.Bd4 f6 11.Nbd2 Bg7 12.h3 Bxf3 13.gxf3 a6 14.Ba4 O-O 15.f4 f5
16.Bxg7 Kxg7 17.Bc2 fxe4 18.Nxe4 Qa5+ 19.Nc3 Qb4 20.Qxe7+ Rf7 21.Qe4 Qxb2
22.Kd2 Qb6 23.Qe3 Nc5 24.Rab1 Qd8 25.h4 Qf6 26.h5 Qxf4 27.hxg6 hxg6 28.Rbg1 Qxe3+
29.fxe3 Rf6 30.Ne2 Nbd7 31.Nf4 Rg8 32.Nh5+ Kf7 33.Nxf6 Nxf6 34.Rf1 Ke7 35.Rh6 Nxd5
36.Rxg6 Rh8 37.Rf2 Kd7 38.Rg5 Kc6 39.Rfg2 Re8 40.Bg6 Re7 41.Re2 b5 42.Rg4 a5
43.Rh4 b4 44.Re1 Kb5 45.Bd3+ Ka4 46.Bc4 Nc3 47.Kc2 Rg7 48.Rh2 d5 49.Bb3+ Ka3
50.Rd2 N5e4 51.Bxd5 Nxd2 52.Kxd2 Nxd5 53.e4 Nc3 54.e5 Kxa2 55.Kd3 Kb3 56.e6 Re7
57.Kd4 a4  0-1

[Event "Jurmala"]
[Site "Jurmala"]
[Date "1978.??.??"]
[Round "10"]
[White "Vitolinsh, Alvis"]
[Black "Gufeld, Eduard"]
[Result "1/2-1/2"]
[WhiteElo "2415"]
[BlackElo "2525"]

1.e4 c5 2.Nf3 d6 3.Bb5+ Bd7 4.Bxd7+ Qxd7 5.O-O Nc6 6.c3 Nf6 7.Qe2 e6 8.d4 cxd4
9.cxd4 d5 10.e5 Ne4 11.Nbd2 Nxd2 12.Bxd2 Be7 13.Rfc1 O-O 14.Rc2 Nb4 15.Bxb4 Bxb4
16.Rac1 Rfc8 17.Rxc8+ Rxc8 18.Rxc8+ Qxc8 19.g3 a6 20.a3 Ba5 21.Kg2 b5 22.h4 Qc4
23.Kf1 Qc1+ 24.Kg2 Qc4 25.Kf1 Qc1+ 26.Kg2 Qc4  1/2-1/2

[Event "Leipzig ET17"]
[Site "Leipzig"]
[Date "1978.??.??"]
[Round "2"]
[White "Boehnisch, Manfred"]
[Black "Hausner, Ivan"]
[Result "1/2-1/2"]
[WhiteElo "2365"]
[BlackElo "2365"]

1.e4 c5 2.Nf3 d6 3.Bb5+ Nd7 4.d4 Nf6 5.dxc5 Nxe4 6.c6 Qa5+ 7.Nc3 bxc6 8.Bxc6 Nxc3
9.Bd2 Nxd1 10.Bxa5 Rb8 11.Kxd1 Bb7 12.Ba4 e6 13.Re1 Be7 14.Re3 Bd8 15.Bxd8 Kxd8
16.Ng5  1/2-1/2

[Event "Leipzig ET17"]
[Site "Leipzig"]
[Date "1978.??.??"]
[Round "4"]
[White "Boehnisch, Manfred"]
[Black "Schurade, Matthias"]
[Result "0-1"]
[WhiteElo "2365"]
[BlackElo "2350"]

1.e4 c5 2.Nf3 d6 3.Bb5+ Nd7 4.d4 Nf6 5.Nc3 cxd4 6.Qxd4 e5 7.Qd3 h6 8.Be3 Be7
9.O-O-O O-O 10.h3 Nb6 11.g4 a6 12.Bxb6 Qxb6 13.Bc4 Qxf2 14.g5 hxg5 15.Rdf1 Qc5
16.Nxg5 b5 17.Bb3 b4 18.Na4 Qd4 19.Qf3 d5 20.exd5 e4 21.Qg2 Nxd5 22.Nxf7 Rxf7
23.Rxf7 Kxf7 24.Nb6 Be6 25.Nxa8 Bf6 26.c3 bxc3 27.Kb1 cxb2 28.Bxd5 Qxd5  0-1

[Event "Lloyds Bank op"]
[Site "London"]
[Date "1978.??.??"]
[Round "?"]
[White "Lawton, Geoffrey W"]
[Black "Aaron, A."]
[Result "1-0"]
[WhiteElo "2200"]
[BlackElo "2295"]

1.e4 c5 2.Nf3 d6 3.Bb5+ Bd7 4.Bxd7+ Nxd7 5.O-O Ngf6 6.Qe2 e6 7.Nc3 Be7 8.b3 O-O
9.Bb2 a6 10.d4 cxd4 11.Nxd4 Qc7 12.Rad1 Rfe8 13.f4 b5 14.a3 Rac8 15.Kh1 g6
16.Rd2 e5 17.fxe5 dxe5 18.Nf3 Bxa3 19.Nxb5 axb5 20.Bxa3 Qb7 21.Bb2 Nc5 22.Nxe5 Nfxe4
23.Nxf7 h5 24.Nh6+ Kh7 25.Rf7+ Kxh6 26.Rxb7 Ng3+ 27.hxg3 Rxe2 28.Rxe2 Nxb7
29.Bc1+ Kg7 30.Re7+ Kf6 31.Rxb7 Rxc2 32.Ba3  1-0

[Event "Lloyds Bank op"]
[Site "London"]
[Date "1978.??.??"]
[Round "?"]
[White "Peters, John A"]
[Black "Van Baarle, C John"]
[Result "1-0"]
[WhiteElo "2430"]
[BlackElo "2335"]

1.e4 c5 2.Nf3 d6 3.Bb5+ Nd7 4.d4 Nf6 5.O-O cxd4 6.Qxd4 e5 7.Qd3 h6 8.c4 Be7
9.Nc3 O-O 10.Bxd7 Bxd7 11.b3 a6 12.a4 Qc7 13.Nh4 Rfd8 14.Be3 b6 15.f3 Qb7
16.Rfd1 Bf8 17.g4 Be7 18.Nf5 Bxf5 19.gxf5 Rab8 20.Kh1 Kh7 21.Ra2 Qc6 22.Nd5 Ng8
23.Nb4 Qc8 24.Qd5 Rf8 25.Rg1 Nf6 26.Qd2 Rg8 27.Qg2 a5 28.Nd3 Nd7 29.Qh3 Bf6
30.Qh5 Qf8 31.Rag2 Rh8 32.Nf2 Qe7 33.Ng4 Kg8 34.Nxf6+ Qxf6 35.Bf2  1-0

[Event "Lone Pine op"]
[Site "Lone Pine"]
[Date "1978.??.??"]
[Round "2"]
[White "Bisguier, Arthur Bernard"]
[Black "Browne, Walter S"]
[Result "1/2-1/2"]
[WhiteElo "2435"]
[BlackElo "2550"]

1.e4 c5 2.Nf3 d6 3.Bb5+ Nc6 4.O-O Bd7 5.Re1 a6 6.Bf1 g6 7.c3 Bg4 8.d3 Bxf3
9.Qxf3 Bg7 10.Nd2 Nf6 11.Nc4 Nd7 12.Bg5 O-O 13.Qh3 b5 14.Ne3 Rb8 15.a3 a5
16.Nd5 Re8 17.Qh4 f6 18.Bh6 e6 19.Bxg7 Kxg7 20.Ne3 Kh8 21.Qg3  1/2-1/2

[Event "Lone Pine op"]
[Site "Lone Pine"]
[Date "1978.??.??"]
[Round "2"]
[White "Filguth, Rubens A"]
[Black "Tarjan, James Edward"]
[Result "1/2-1/2"]
[WhiteElo "2350"]
[BlackElo "2510"]

1.e4 c5 2.Nf3 d6 3.Bb5+ Nc6 4.d4 cxd4 5.Qxd4 Bd7 6.Bxc6 Bxc6 7.Nc3 Nf6 8.Bg5 e6
9.O-O-O Be7 10.Rhe1 O-O 11.Qd2 Qc7 12.Nd4 Rfd8 13.f4 h6 14.Bxf6 Bxf6 15.g4 Qb6
16.g5 hxg5 17.fxg5 Bxd4 18.Qxd4 Qxd4 19.Rxd4 Kf8 20.Re3 Ke7 21.Rh3 Rh8 22.Rdd3 f6
23.gxf6+ Kxf6 24.Rdf3+ Ke7 25.Rhg3 Rag8 26.Rf2 g5 27.Kd2 Rh5 28.Kd3 Rgh8
29.Rfg2 Rh3 30.Nd1 d5 31.exd5 Bxd5 32.Rxh3 Rxh3+ 33.Rg3 Rh5 34.Ne3 Bc6 35.Ng4 Kd6
36.Nf6 Rh6 37.Ng4 Rh4 38.h3 Be8 39.c4 Bg6+ 40.Kd4 e5+ 41.Ke3 Ke6 42.b3 Bf5
43.Nf2 Kf6 44.Ng4+ Ke6 45.Nf2 Kf6 46.Ng4+ Bxg4 47.hxg4 Ke6 48.Rg2 Rh3+ 49.Ke4 b6
50.c5 bxc5 51.Rc2 Rg3 52.Rxc5 Rxg4+ 53.Ke3 Kf5 54.Ra5 Re4+ 55.Kf2 Rf4+ 56.Kg2 Ke4
57.Rxa7 Kd3 58.Rd7+ Ke2 59.Rd5 e4 60.Rxg5 e3 61.a4 Kd3 62.Rd5+ Ke4 63.Rd8 e2
64.Re8+ Kd3 65.Rd8+ Kc3 66.Re8 Kd2 67.Rd8+ Ke1 68.a5 Rg4+ 69.Kh3 Rb4 70.Kg2 Rxb3
71.a6 Ra3 72.Rd6 Ra2 73.Kg1 Ra1 74.Kg2 Ra4 75.Kg1 Rg4+ 76.Kh2 Kf2  1/2-1/2

[Event "Lone Pine op"]
[Site "Lone Pine"]
[Date "1978.??.??"]
[Round "4"]
[White "Weinstein, Norman"]
[Black "Sunye Neto, Jaime"]
[Result "0-1"]
[WhiteElo "2475"]
[BlackElo "2360"]

1.e4 c5 2.Nf3 d6 3.Bb5+ Nd7 4.d4 Nf6 5.O-O Nxe4 6.Qe2 Nf6 7.Bg5 cxd4 8.Bxf6 gxf6
9.Nxd4 Qb6 10.Rd1 a6 11.Bxd7+ Bxd7 12.Nc3 e6 13.Nd5 Qd8 14.Rd3 Rg8 15.Re1 Rg5
16.Nf3 Rg7 17.c4 b5 18.Nh4 Rg5 19.Qf3 bxc4 20.Nxf6+ Ke7 21.Rdd1 Bc6 22.Qxc6 Kxf6
23.Qxc4 Kg7 24.Nf3 Rb5 25.b3 Rc8 26.Qd3 Qb6 27.Re4 Kg8 28.Rg4+ Bg7 29.Nd4 Rd5
30.Qg3 Kf8 31.Rxg7 Qxd4 32.Rg8+ Ke7 33.Rf1 Rc3 34.Qg7 Qxg7 35.Rxg7 h5 36.Rg3 Rxg3
37.hxg3 Rd2 38.Ra1 d5 39.Kf1 Kd6 40.Ke1 Rb2 41.Rc1 Rxa2 42.Rc8 Ke5 43.Rf8 f5
44.Re8 Rb2 45.Ra8 Ke4 46.Rxa6 e5 47.Ra5 Rxb3 48.Ke2 Rb2+ 49.Ke1 Kd4 50.Ra4+ Kd3
51.Ra3+ Kc2 52.Ke2 d4 53.Rd3 Rb3 54.Rd2+ Kc3 55.Rd3+ Kc4 56.Rd2 e4 57.Ra2 Kc3
58.Ra5 Rb2+ 59.Ke1 Rb1+ 60.Ke2 d3+ 61.Ke3 Re1+  0-1

[Event "Lone Pine op"]
[Site "Lone Pine"]
[Date "1978.??.??"]
[Round "9"]
[White "Weinstein, Norman"]
[Black "Henley, Ron W"]
[Result "1/2-1/2"]
[WhiteElo "2475"]
[BlackElo "2340"]

1.e4 c5 2.Nf3 d6 3.Bb5+ Nd7 4.d4 cxd4 5.Qxd4 e5 6.Qd3 h6 7.Nc3 Nf6 8.O-O Be7
9.Be3 O-O 10.Bc4 Nb6 11.Bb3 Be6 12.Nh4 Rc8 13.Ng6 Re8 14.Rfd1 Nc4  1/2-1/2

[Event "Lvov zt"]
[Site "Lvov"]
[Date "1978.??.??"]
[Round "10"]
[White "Kuzmin, Gennadi P"]
[Black "Dorfman, Josif D"]
[Result "1-0"]
[WhiteElo "2535"]
[BlackElo "2550"]

1.e4 c5 2.Nf3 d6 3.Bb5+ Nc6 4.O-O Bd7 5.Qe2 g6 6.e5 dxe5 7.Nxe5 Nxe5 8.Qxe5 Bxb5
9.Qxh8 Bxf1 10.Qxg8 Bxg2 11.Kxg2 Qd5+ 12.Kg1 Qg5+ 13.Kf1 Qh5 14.Nc3 Qxh2
15.Nd1 Rc8 16.d3 c4 17.d4 Qh1+ 18.Ke2 Qh5+ 19.f3 Rc6 20.Nf2 Re6+ 21.Be3 Qh6
22.Ng4 Rxe3+ 23.Kf2 Rxf3+ 24.Kxf3 Qh3+ 25.Kf4 f5 26.Nf6+ exf6 27.Re1+ Kd7
28.Qf7+ Kc6 29.Qxc4+ Kd6 30.Qe6+ Kc7 31.Qf7+ Kc6 32.d5+ Kb6 33.Re6+ Ka5 34.Qc7+ Ka4
35.Qc4+ Ka5 36.Qc7+ Ka4 37.Qc4+ Ka5 38.Qc3+ Qxc3 39.bxc3 Kb5 40.Rxf6 Bh6+
41.Kf3 Kc5 42.c4 Bg7 43.Re6 Bf8 44.Re8 Bd6  1-0

[Event "CSR-ch"]
[Site "Marianske Lazne"]
[Date "1978.??.??"]
[Round "4"]
[White "Ambroz, Jan"]
[Black "Gross, Stefan"]
[Result "1-0"]
[WhiteElo "2200"]
[BlackElo "2355"]

1.e4 c5 2.Nf3 d6 3.Bb5+ Bd7 4.Bxd7+ Qxd7 5.O-O e6 6.c3 Nf6 7.Qe2 Nc6 8.d4 cxd4
9.cxd4 d5 10.e5 Ne4 11.Be3 Be7 12.Ne1 h6 13.f3 Ng5 14.Nc3 g6 15.Rd1 h5 16.Nd3 Nh7
17.Rc1 Nf8 18.b4 b6 19.Rc2 Rc8 20.Rfc1 Nd8 21.a3 Nh7 22.Nf4 Rc4 23.Nd1 b5
24.Nb2 Bg5 25.Nxc4 dxc4 26.Nh3 Bxe3+ 27.Qxe3 Nc6 28.Rd2 O-O 29.Nf4 Ne7 30.d5 exd5
31.Nxd5 Nxd5 32.Qc5 Qf5 33.Rxd5 a6 34.Rcd1 h4 35.h3 Qc2 36.Qd4 Ng5 37.Qxh4 Ne6
38.Qh6 c3 39.Qc1 Qe2 40.Qxc3 Nf4 41.Qd2 Qc4 42.Rd8  1-0

[Event "CSR-ch"]
[Site "Marianske Lazne"]
[Date "1978.??.??"]
[Round "15"]
[White "Lechtynsky, Jiri"]
[Black "Meduna, Eduard"]
[Result "1/2-1/2"]
[WhiteElo "2420"]
[BlackElo "2425"]

1.e4 c5 2.Nf3 d6 3.Bb5+ Bd7 4.Bxd7+ Nxd7 5.O-O Ngf6 6.Qe2 e6 7.c3 Be7 8.d4 O-O
9.e5 Ne8 10.exd6 Nxd6 11.Rd1 cxd4 12.Nxd4 Re8 13.Na3 a6  1/2-1/2

[Event "SVK-ch"]
[Site "Presov"]
[Date "1978.??.??"]
[Round "1"]
[White "Franzen, Josef"]
[Black "Veselsky, Jozef"]
[Result "1-0"]
[WhiteElo "2325"]
[BlackElo "2090"]

1.e4 c5 2.Nf3 d6 3.Bb5+ Bd7 4.Bxd7+ Qxd7 5.c4 Qg4 6.O-O Qxe4 7.d4 cxd4 8.Nxd4 Nc6
9.Nb5 O-O-O 10.Qa4 a6 11.N5c3 Qh4 12.Be3 e6 13.Nd2 d5 14.Bb6 Rd7 15.g3 Qh5
16.cxd5 exd5 17.Rac1 Bd6 18.b4 Kb8 19.b5 axb5 20.Nxb5 Nge7 21.Ba7+ Kc8 22.Bc5 Bb8
23.Bxe7 Rxe7 24.Qa8 Re6 25.Na7+ Kc7 26.Nxc6 bxc6 27.Rb1 Qe5 28.Rb7+ Kc8 29.Rfb1 Ree8
30.Rxb8+ Kd7 31.R1b7+ Ke6 32.Qa4 Rc8 33.Nf3 Qh5 34.Qf4 d4  1-0

[Event "Sao Paulo"]
[Site "Sao Paulo"]
[Date "1978.??.??"]
[Round "2"]
[White "Filguth, Rubens A"]
[Black "Dorfman, Josif D"]
[Result "0-1"]
[WhiteElo "2350"]
[BlackElo "2550"]

1.e4 c5 2.Nf3 d6 3.Bb5+ Nc6 4.O-O Bd7 5.c3 Nf6 6.Re1 a6 7.Bf1 Bg4 8.d3 e6
9.h3 Bh5 10.Nbd2 Be7 11.g3 d5 12.Bg2 O-O 13.Qc2 Nd7 14.Nf1 d4 15.c4 Nb4 16.Qb3 Bxf3
17.Bxf3 Ne5 18.Be2 Nbxd3 19.Rd1 Nxc1 20.Raxc1 Nc6 21.e5 Nxe5 22.Qxb7 Rb8
23.Qe4 Bd6 24.f4 f5 25.Qg2 Ng6 26.Bf3 e5 27.fxe5 Nxe5 28.Bd5+ Kh8 29.Rc2 Rb6
30.Rf2 Bc7 31.Kh1 Rg6 32.b3 Qg5 33.Re2 f4 34.gxf4 Qxf4 35.Re4 Qh6 36.Ng3 Nd7
37.Rd3 Qc1+ 38.Kh2 Ne5  0-1

[Event "Rilton Cup"]
[Site "Stockholm"]
[Date "1978.??.??"]
[Round "8"]
[White "Bednarski, Jacek B"]
[Black "Miralles, Jose"]
[Result "1-0"]
[WhiteElo "2365"]
[BlackElo "2300"]

1.e4 c5 2.Nf3 d6 3.Bb5+ Nd7 4.O-O a6 5.Bxd7+ Bxd7 6.d4 cxd4 7.Qxd4 e6 8.Bg5 Nf6
9.Nc3 Be7 10.Rad1 Bc6 11.Rfe1 Qa5 12.Nd5 e5 13.Nxe5 dxe5 14.Qxe5 Bxd5 15.exd5 O-O
16.Qxe7 Rfe8 17.b4 Rxe7 18.bxa5 Rxe1+ 19.Rxe1 Nxd5 20.Rb1 h6 21.Be3 Rc8 22.Rb2 Rc4
23.Kf1 Rb4 24.Rb3 Rc4 25.Rb2 Rb4 26.Rxb4 Nxb4 27.c3 Nc6 28.Bb6 Kf8 29.Ke2 Ke7
30.Kd3 Kd6 31.Ke4 g6 32.g4 Ke6 33.h4 Ne5 34.f3 f5+ 35.gxf5+ gxf5+ 36.Ke3 Kd5
37.h5 Nf7 38.Bc7 Kc6 39.Bb6 Kd5 40.Bc7 Kc6 41.Bf4 Kd5 42.Kd3 Ne5+ 43.Ke3 Nd7
44.Bxh6 Nf6 45.Kf4 Nxh5+ 46.Kxf5 Kc4 47.Bf4 Ng7+ 48.Ke5 Ne8 49.Bh2 Kb5 50.Ke6 Ng7+
51.Kf6 Nh5+ 52.Kg5  1-0

[Event "Rilton Cup"]
[Site "Stockholm"]
[Date "1978.??.??"]
[Round "9"]
[White "Angantysson, Haukur"]
[Black "Iskov, Gert"]
[Result "1/2-1/2"]
[WhiteElo "2350"]
[BlackElo "2395"]

1.e4 c5 2.Nf3 d6 3.Bb5+ Nc6 4.O-O Bd7 5.Re1 Nf6 6.c3 a6 7.Bf1 Bg4 8.d3 e5
9.Nbd2 Be7 10.h3 Bh5 11.Nc4 O-O 12.Bg5 h6 13.Bxf6 Bxf6 14.Ne3 Bxf3 15.Qxf3 g6
16.g3 Bg5 17.Nd5 Ne7 18.h4 Nxd5 19.hxg5 Nc7 20.gxh6 Qg5 21.Qe3 Qxe3 22.Rxe3 Kh7
23.Rd1 Ne6 24.Bh3 Kxh6 25.Bxe6 fxe6  1/2-1/2

[Event "SWE-ch"]
[Site "SWE"]
[Date "1978.??.??"]
[Round "?"]
[White "Rorvall, Goran"]
[Black "Hammar, Bengt"]
[Result "1/2-1/2"]
[WhiteElo "2350"]
[BlackElo "2385"]

1.e4 c5 2.Nf3 d6 3.Bb5+ Bd7 4.Bxd7+ Qxd7 5.O-O Nc6 6.c3 Nf6 7.d4 cxd4 8.cxd4 d5
9.e5 Ne4 10.Nbd2 Nxd2 11.Bxd2 e6 12.Rc1 Be7 13.Bg5 O-O 14.Bxe7 Nxe7 15.Qd3 Rfc8
16.Ng5 Ng6 17.g3 h6 18.Nf3 Rc6 19.Qa3 a6 20.Nd2 Rac8 21.Nb3 Rc4  1/2-1/2

[Event "SWE-ch"]
[Site "SWE"]
[Date "1978.??.??"]
[Round "?"]
[White "Jansson, Borje"]
[Black "Bengtsson, Bo"]
[Result "1/2-1/2"]
[WhiteElo "2395"]
[BlackElo "2350"]

1.e4 c5 2.Nf3 d6 3.Bb5+ Nc6 4.O-O Bd7 5.Re1 a6 6.Bf1 Bg4 7.h3 Bxf3 8.Qxf3 g6
9.c3 Nf6 10.d3 Bg7 11.Be3 O-O 12.Nd2 Nd7 13.Nb3 Rc8 14.Qd1 b5 15.d4 cxd4
16.cxd4 Nb6 17.Rc1 d5 18.e5 Nc4 19.Qe2 Qb6 20.Nc5 Rc7 21.b3 Nxe3 22.Qxe3 e6
23.a3 a5 24.Rc2 Rfc8 25.b4 axb4 26.axb4 Nxb4 27.Rb2 Nc6 28.Rxb5 Qa7 29.Nb3 Rb7
30.Rc1 Rxb5 31.Bxb5 Ne7 32.Rxc8+ Nxc8 33.Nc5 Qa5 34.Be8 Qd8 35.Bd7 Nb6 36.Bb5  1/2-1/2

[Event "SWE-ch"]
[Site "SWE"]
[Date "1978.??.??"]
[Round "?"]
[White "Karlsson, Lars"]
[Black "Helmertz, Per Inge"]
[Result "1-0"]
[WhiteElo "2360"]
[BlackElo "2305"]

1.Nf3 c5 2.e4 d6 3.Bb5+ Bd7 4.Bxd7+ Qxd7 5.O-O Nc6 6.c3 Nf6 7.d4 cxd4 8.cxd4 d5
9.e5 Ne4 10.Ne1 h6 11.f3 Ng5 12.Nc3 f5 13.exf6 exf6 14.Nc2 O-O-O 15.Qd3 Ne6
16.f4 f5 17.Be3 g5 18.Qxf5 Bd6 19.Nxd5 Kb8 20.Nf6 Qe7 21.d5 Ng7 22.Qg6 gxf4
23.Bxf4 Ne5 24.Bxe5 Qxe5 25.Ng4 Qxd5 26.Nce3 Qc5 27.Rac1 Qb6 28.Kh1 h5 29.Nc4 Qd4
30.Nf6 Ne8 31.Nxe8 Rhxe8 32.Rfd1 Qf4 33.Nxd6 Rf8 34.Qe4 Rxd6 35.Qxf4  1-0

[Event "Vilnius"]
[Site "Vilnius"]
[Date "1978.??.??"]
[Round "5"]
[White "Dvorietzky, Mark I"]
[Black "Beliavsky, Alexander G"]
[Result "1/2-1/2"]
[WhiteElo "2525"]
[BlackElo "2545"]

1.e4 c5 2.Nf3 d6 3.Bb5+ Nc6 4.O-O Bd7 5.c3 Nf6 6.Re1 a6 7.Bf1 e5 8.h3 Be7
9.d4 Qc7 10.dxc5 dxc5 11.Bg5 O-O 12.Nbd2 Rfd8 13.Qc2 b5 14.a4 Qb6 15.axb5 axb5
16.Be3 Qb7 17.Nb3 c4 18.Nc5 Bxc5 19.Bxc5 Be6 20.Ng5 Na5 21.Nxe6 fxe6 22.Rad1 Qc7
23.Ba3 Nb3 24.g3 Rd7 25.Rxd7 Nxd7 26.Rd1 Ndc5 27.Qe2 Rd8 28.Qh5 Rf8 29.h4 Qb6
30.Qe2 h6 31.Qe3 Qc6 32.f3 Kh7 33.Kh2 Rc8  1/2-1/2

[Event "Vilnius"]
[Site "Vilnius"]
[Date "1978.??.??"]
[Round "6"]
[White "Lechtynsky, Jiri"]
[Black "Dorfman, Josif D"]
[Result "1/2-1/2"]
[WhiteElo "2420"]
[BlackElo "2550"]

1.e4 c5 2.Nf3 d6 3.Bb5+ Nc6 4.O-O Bd7 5.c3 Nf6 6.Re1 a6 7.Bxc6 Bxc6 8.d4 Bxe4
9.Bg5 Bxb1 10.Rxb1 e6 11.Bxf6 gxf6  1/2-1/2

[Event "Vilnius"]
[Site "Vilnius"]
[Date "1978.??.??"]
[Round "14"]
[White "Lechtynsky, Jiri"]
[Black "Piesina, Gintautas"]
[Result "0-1"]
[WhiteElo "2420"]
[BlackElo "2200"]

1.e4 c5 2.Nf3 d6 3.Bb5+ Bd7 4.Bxd7+ Qxd7 5.c4 g6 6.d4 cxd4 7.Nxd4 Bg7 8.Nc3 Nc6
9.Be3 Nh6 10.h3 f5 11.f4 fxe4 12.Nxe4 Nf5 13.Nxf5 Qxf5 14.Qf3 Bxb2 15.Rb1 Nd4
16.Bxd4 Bxd4 17.Rxb7 O-O 18.Ke2 Qc8 19.Nxd6 Qe6+ 20.Ne4 Qxc4+ 21.Qd3 Qxa2+
22.Kf3 Rad8 23.Rd1 Bb6 24.Rd7 Rxd7 25.Qxd7 Rd8 26.Qxe7 Qb3+ 27.Kg4 Qxd1+
28.Kh4 Qh5+ 29.Kg3 Rf8 30.Ng5 Bd8 31.Qe6+ Kh8 32.Qd6 Qh6 33.Ne6 Qh4+ 34.Kf3 Qe7
35.Qd4+ Qf6 36.Qd7 Rg8 37.g4 Qc3+ 38.Kg2 Qb2+ 39.Kf3 Qc3+ 40.Kg2 Qb2+ 41.Kf3 Qb3+
42.Kg2 Bf6 43.g5 Qc2+ 44.Kg3 Rb8 45.Qxa7 Qc3+ 46.Kg4 h5+ 47.gxh6 Qb3 48.Qd7 Qb5
49.Qxb5 Rxb5 50.Nf8 Kg8 51.Nxg6 Kh7 52.f5 Kxh6 53.h4 Rb4+ 54.Kg3 Ra4 55.Kh3 Bd8
56.Kg3 Bc7+ 57.Kf3 Kh5 58.Ne7 Rxh4 59.Nd5 Be5 60.Ne7 Ra4 61.Ng6 Bd6  0-1

[Event "URS-ch U26"]
[Site "Vilnius"]
[Date "1978.??.??"]
[Round "15"]
[White "Rastenis, Gedeminas"]
[Black "Panchenko, Alexander N"]
[Result "1/2-1/2"]
[WhiteElo "2200"]
[BlackElo "2495"]

1.e4 c5 2.Nf3 d6 3.Bb5+ Nc6 4.Nc3 e5 5.a4 g6 6.d3 Bg7 7.Bc4 h6 8.O-O Nge7
9.Nd5 O-O 10.Ne1 Kh7 11.f4 f5 12.c3 Be6 13.Be3 Qd7 14.Qd2 Rf7 15.Nf3 exf4
16.Bxf4 Raf8 17.Nxe7 Nxe7 18.Bxe6 Qxe6 19.Rae1 fxe4 20.Rxe4 Qd7 21.Rfe1 Nf5  1/2-1/2

[Event "Schacknytts Jubileumsturnering"]
[Site "Malmo"]
[Date "1979.12.06"]
[Round "10"]
[White "Kaiszauri, Konstanty"]
[Black "Karlsson, Lars"]
[Result "0-1"]
[WhiteElo "2405"]
[BlackElo "2375"]

1.e4 c5 2.Nf3 d6 3.Bb5+ Nd7 4.d4 Nf6 5.Nc3 cxd4 6.Qxd4 e5 7.Qd3 h6 8.Be3 Be7
9.Nd2 O-O 10.Bc4 a6 11.a4 b6 12.O-O Bb7 13.Nd5 Ng4 14.Rfd1 Kh8 15.Nxe7 Qxe7
16.Nf1 Qh4 17.Qxd6 Nc5 18.f3 Nxe3 19.Nxe3 f5 20.exf5 Qf4 21.Re1 Rf6 22.Qe7 e4
23.Rad1 Rff8 24.fxe4 Rae8 25.Qd6 Qxe4 26.Rd4 Qe5 27.Qxe5 Rxe5 28.b4 Nxa4
29.Rd7 Bc6 30.Rf7 Rxf7 31.Bxf7 Nc3 32.g4 Re4 33.Ng2 Rxg4  0-1

[Event "IBM-B"]
[Site "Amsterdam"]
[Date "1979.??.??"]
[Round "12"]
[White "Van Riemsdijk, Herman C"]
[Black "Baljon, Christofoor"]
[Result "1-0"]
[WhiteElo "2435"]
[BlackElo "2255"]

1.e4 c5 2.Nf3 d6 3.Bb5+ Nd7 4.O-O Nf6 5.Qe2 e5 6.c4 Be7 7.Nc3 O-O 8.Bxd7 Bxd7
9.Rb1 a6 10.d3 b5 11.Bg5 b4 12.Bxf6 Bxf6 13.Nd5 Be6 14.a3 a5 15.axb4 axb4
16.Ra1 Bxd5 17.cxd5 Ra5 18.Nd2 Qa8 19.Nb3 Rxa1 20.Rxa1 Qb7 21.Nd2 Ra8 22.Qd1 Ra6
23.Nc4 Qa8 24.Rxa6 Qxa6 25.g3 Kf8 26.Qh5 Ke7 27.Kg2 h6 28.h4 Qa4 29.Qg4 Qd7
30.Qd1 Qa7 31.Qh5 Qa4 32.Qf5 Qd7 33.Qh7 Qb5 34.b3 Qa6 35.Qg8 Qb5 36.Qa8 g6
37.Na5 h5 38.Nc6+ Kd7 39.Qa7+ Ke8 40.Qc7 Kf8 41.Qxd6+ Kg7 42.Nxe5  1-0

[Event "AUT-ch"]
[Site "AUT"]
[Date "1979.??.??"]
[Round "1"]
[White "Keuschnig, Siegfried"]
[Black "Nagel, Herbert"]
[Result "0-1"]
[WhiteElo "2200"]
[BlackElo "2200"]

1.e4 c5 2.Nf3 d6 3.Bb5+ Bd7 4.Bxd7+ Qxd7 5.c4 Nc6 6.O-O e5 7.d3 Nge7 8.Nc3 h6
9.Ne1 g5 10.Nc2 Ng6 11.Nd5 Bg7 12.Nce3 O-O 13.Nf5 Qd8 14.Qh5 Kh7 15.g3 Nd4
16.h4 f6 17.Be3 Nxf5 18.exf5 Ne7 19.hxg5 fxg5 20.f6 Bxf6 21.Nxf6+ Rxf6 22.Bxg5 Rg6
23.Bh4 Qd7 24.Bxe7 Qxe7 25.Rae1 Rag8 26.Re3 Qe6 27.Rf3 R8g7 28.Qf5 Qxf5 29.Rxf5 Rg5
30.Rf6 R5g6 31.Rf5 Rg4 32.Rf6 Rd4 33.Kg2 Rxd3 34.Rh1 Rg6 35.Rf7+ Kg8 36.Rxb7 Rf6
37.Rh4 Rd2 38.Rg4+ Kf8 39.Rb8+ Kf7 40.Rgg8 Rdxf2+ 41.Kh3 Ke6 42.Kg4 Rf7 43.Rg6+ R2f6
44.Rgg8 e4 45.a4 a5 46.Rbe8+ Re7 47.Ref8 Rxf8 48.Rxf8 Ke5 49.Rf5+ Kd4 50.Rd5+ Kxc4
51.Rxd6 e3 52.Rd1 e2 53.b3+ Kc3  0-1

[Event "HUN-ch"]
[Site "Budapest"]
[Date "1979.??.??"]
[Round "8"]
[White "Rigo, Janos"]
[Black "Groszpeter, Attila"]
[Result "0-1"]
[WhiteElo "2385"]
[BlackElo "2375"]

1.e4 c5 2.Nf3 d6 3.Bb5+ Nc6 4.d4 cxd4 5.Qxd4 Bd7 6.Bxc6 Bxc6 7.c4 Nf6 8.Nc3 g6
9.Bg5 Bg7 10.O-O O-O 11.Qd3 Nd7 12.Nd4 Nc5 13.Qe3 Ne6 14.Nxe6 fxe6 15.Rac1 Rf7
16.b4 Qb6 17.b5 Bd4 18.Qd2 Raf8 19.Na4 Rxf2 20.Rxf2 Rxf2 21.Nxb6 Rxd2+ 22.Kh1 Bxe4
23.Bxd2 axb6 24.a4 e5 25.Re1 Bd3 26.Be3 Bxe3 27.Rxe3 Bxc4 28.Kg1 Kf7 29.Kf2 Ke6
30.g4 d5 31.Rh3 d4 32.Rxh7 e4 33.h4 e3+ 34.Kf3 Bb3 35.h5 Bd1+ 36.Kg3 d3 37.hxg6 e2
38.Kf2 d2 39.Rh1 e1=Q+  0-1

[Event "HUN-ch"]
[Site "Budapest"]
[Date "1979.??.??"]
[Round "11"]
[White "Hazai, Laszlo"]
[Black "Rigo, Janos"]
[Result "1-0"]
[WhiteElo "2420"]
[BlackElo "2385"]

1.e4 c5 2.Nf3 d6 3.Bb5+ Nc6 4.O-O e5 5.c3 a6 6.Bxc6+ bxc6 7.d4 cxd4 8.cxd4 exd4
9.Nxd4 c5 10.Nc2 Nf6 11.Nc3 Be7 12.Bf4 O-O 13.Ne3 Rb8 14.b3 Rb4 15.Nc4 Be6
16.Nd5 Nxe4 17.Nxb4 cxb4 18.Qd3 d5 19.Nd2 Nc3 20.Be5 Qc8 21.Nf3 Bf5 22.Qd2 Be4
23.Nd4 Bc5 24.Rae1 Re8 25.Bg3 h6 26.f3 Bb1 27.Bf2 Rxe1 28.Rxe1 Bxa2 29.Kh1 a5
30.Ra1 Bb6 31.h3 Bb1 32.Nb5 Bxf2 33.Qxf2 Qf5 34.Rxa5 Qd3 35.Nd4 Nd1 36.Qg1 Qd2
37.Rxd5 Nf2+ 38.Kh2 Ba2 39.Qf1 Qf4+ 40.Kg1 Nxh3+ 41.gxh3  1-0